Diccionario ilustrado: latino-español, español-latino

Uloženo v:
Podrobná bibliografie
Médium: Kniha
Jazyk:španělština
latina
Vydáno: Barcelona Bibliograf 1999
Vydání:21a. ed
Témata:
Tagy: Přidat tag
Žádné tagy, Buďte první, kdo vytvoří štítek k tomuto záznamu!

MARC

LEADER 00000nam a2200000 a 4500
001 UCN3410
003 CL-VaPUC
008 010622e19990000SP |||||||||||||||||spa|d
041 0 7 |a spa  |2 CL-VaPUC 
041 0 7 |a lat  |2 CL-VaPUC 
082 0 4 |a 473.61  |b DIC  |2 21 
245 1 0 |a Diccionario ilustrado: latino-español, español-latino 
250 |a 21a. ed 
300 |a 715 p 
942 |c BK 
945 |d 20010622 00:00:00  |a vberengu 
260 |a Barcelona  |b Bibliograf  |c 1999 
500 |a Incluye un Apéndice: Resumen de Gramática Latina, lista de las Diócesis de España y de las más importantes de otras naciones 
650 0 |a Glosarios  |9 261047 
650 0 |a Español-Latín   |9 306635 
650 7 |a DICCIONARIOS LATIN ESPAÑOL  |2 CL-VaPUC  |9 266780 
583 |a last modification  |c 20010622 00:00:00  |k Rodrigo Vera 
999 |c 296315  |d 296313 
952 |0 0  |1 0  |4 0  |6 473_610000000000000_DIC_1999  |7 0  |8 F  |9 349999  |a BIBEDU  |b BIBEDU  |d 2019-11-20  |i 3734005  |l 1  |o 473.61 DIC 1999  |p 3734005  |r 2024-10-08  |s 2024-10-08  |w 2019-11-20  |y BK_F  |k MUS